| 000 | 00401cam a2200157ua 4500 | ||
|---|---|---|---|
| 041 |
_aeng _h |
||
| 082 |
_a028.76621 _bMOH/DI |
||
| 100 | _aMohan, Brothers . | ||
| 245 |
_aDirectory ambros scientific instruments / _cMohan brothers. _hTextual Documents |
||
| 250 |
_a1 / _b. |
||
| 260 |
_aIndia : _bMohan brothers , _c1987. |
||
| 300 | _a244 ; . | ||
| 504 | _a | ||
| 942 | _cBK | ||
| 999 |
_c8853 _d8853 |
||